Statistiques concernant jeu vidéo que le créateur connais

Cliquez ici pour prendre le quiz!

Statistiques générales

  • Ce quiz a été pris 30 fois
    (15 depuis la dernière actualisation)
  • Le résultat moyen est 4 sur 26

Statistiques - réponses

indicesréponses% Correct
Combat, constructionFortnite
71%
SurvieMinecraft
57%
TrahisonAmong Us
43%
Combat, tryhardCall of duty
36%
CombatApex Légende
21%
combat, drogue, suicide, criminelGta V
21%
QuizJetPunk
21%
Multi choixRoblox
21%
Jeu de choixThe last of us
21%
SurvieValorant
21%
CombatOverwatch 2
14%
Trahison, horreurDeceit
7%
HorreurFive night at freedy's
7%
Jeu de société en ligneMonopoly Steam Édition
7%
Survie, en lignePaladium
7%
TrahisonWolfy
7%
Combat1v1.lol
0%
PatienceCandy crush
0%
horreur, survie, trahisonDead by daylight
0%
Amusant
Garry's mod
0%
Survie, en ligneModded
0%
couper, pas violentNinja fruit
0%
combat, stickstickfight worrior
0%
VitesseSubway surfer
0%
VitesseTemple Run
0%
RageantThere is no game
0%

Distribution des résultats

Percentile par nombre de réponses

% des personnes avec chaque résultat

Votre développement - résultats

Vous n’avez pas pris ce quiz depuis la dernière actualisation